|
|
|
|
| LEADER |
00814cam a2200217 7i4500 |
| 001 |
0000083103 |
| 005 |
20240806090000.0 |
| 020 |
|
|
|a 9781119762539 (electronic book)
|
| 090 |
0 |
0 |
|a TL574.U5
|b D56 2024
|
| 100 |
1 |
|
|a Dimitriadis, Grigorios
|
| 245 |
1 |
0 |
|a Unsteady aerodynamics :
|b potential and vortex methods
|c Grigorios Dimitriadis.
|
| 264 |
|
|
|a Hoboken, NJ:
|b Wiley,
|c 2024.
|
| 300 |
|
|
|a 1 online resource (xiii, 555 pages):
|b text file, PDF.
|
| 336 |
|
|
|a text
|2 rdacontent
|
| 337 |
|
|
|a computer
|2 rdamedia
|
| 338 |
|
|
|a online resource
|2 rdacarrier
|
| 650 |
|
0 |
|a Unsteady flow (Aerodynamics)
|
| 655 |
|
0 |
|a Electronic books
|
| 856 |
4 |
2 |
|u http://library.unisel.edu.my/web/guest/mylibrary
|
| 997 |
|
|
|a Engineering & Life Sciences, Faculty
|b Engineering, Department
|
| 999 |
|
|
|a EBO0023612
|b EBOOK
|c EBOOK
|e Electronic resources
|